Wireless networking made easy : (Record no. 21051)
[ view plain ]
| 000 -LEADER | |
|---|---|
| fixed length control field | 00649nam a2200193 a 4500 |
| 005 - DATE AND TIME OF LATEST TRANSACTION | |
| control field | 20140310183304.0 |
| 008 - FIXED-LENGTH DATA ELEMENTS--GENERAL INFORMATION | |
| fixed length control field | 050713s19uu xx 00 eng d |
| 020 ## - INTERNATIONAL STANDARD BOOK NUMBER | |
| International Standard Book Number | 0-8144-7175-7 |
| 050 ## - LIBRARY OF CONGRESS CALL NUMBER | |
| Classification number | TK 5105.78 |
| Item number | .Sh525 2003 |
| 100 ## - MAIN ENTRY--PERSONAL NAME | |
| Personal name | Shaw, Russell |
| 245 ## - TITLE STATEMENT | |
| Title | Wireless networking made easy : |
| Remainder of title | everything you need to know to build your own PANs, LANs, and WANs / |
| Statement of responsibility, etc | Russell Shaw. |
| 260 ## - PUBLICATION, DISTRIBUTION, ETC. (IMPRINT) | |
| Place of publication, distribution, etc | New York, NY : |
| Name of publisher, distributor, etc | AMACOM, |
| Date of publication, distribution, etc | c2003. |
| 300 ## - PHYSICAL DESCRIPTION | |
| Extent | 259 p. : |
| Other physical details | ill. ; |
| Dimensions | 29 cm. |
| 521 ## - TARGET AUDIENCE NOTE | |
| Target audience note | |
| 650 ## - SUBJECT ADDED ENTRY--TOPICAL TERM | |
| Topical term or geographic name as entry element | Wireless local area networks |
| General subdivision | Amateurs' manuals. |
| 650 ## - SUBJECT ADDED ENTRY--TOPICAL TERM | |
| Topical term or geographic name as entry element | Wide area networks |
| General subdivision | Amateurs' manuals. |
| 942 ## - ADDED ENTRY ELEMENTS (KOHA) | |
| Koha item type | Books |
| Source of classification or shelving scheme | Library of Congress Classification |
| Call number prefix | Foreign |
| Withdrawn status | Lost status | Source of classification or shelving scheme | Damaged status | Home library | Current library | Shelving location | Date acquired | Cost, normal purchase price | Total Checkouts | Full call number | Barcode | Date last seen | Price effective from | Koha item type |
|---|---|---|---|---|---|---|---|---|---|---|---|---|---|---|
| Library of Congress Classification | College Library | College Library | General Circulation Section | 07/13/2005 | 2376.00 | TK 5105.78 .Sh525 2003 | C6058 | 05/15/2018 | 10/10/2013 | Books |